000 00429nam a2200157 a 4500
005 20140414131907.0
008 100930s19uu xx 00 eng d
050 _aM 822.3
_bSh1 1998
100 _aShakespeare, William
245 _aJulius Caesar.
260 _aNew York :
_bScholastic ,
_c1998.
650 _aCaesar, Julius --Assassination --Drama.
650 _assins --Drama.
650 _aRome --Drama.
999 _c110998
_d110998